000 00661nam a22001937a 4500
008 160922b xxu||||| |||| 00| 0 eng d
020 _a978-1-259-25132-0
082 _22017
_aDC 621.31924
_bAl26
100 _921422
_aAlexander, Charles K.
245 _aFundamentals of electric circuits/
_cCharles K. Alexander and Matthew N.O. Sadiku.
250 _aSixth Edition
260 _aNew York:
_bMcGraw-Hill,
_cc2017.
300 _axxii, 903 pages (various paging):
_bcolor illustrations ;
_c26 cm.
500 _aIncludes index.
650 0 _921423
_aElectric circuits
700 _921424
_aSadiku, Matthew N.O.
365 _b3,783.00
_cPhp
942 _2ddc
_cDC
999 _c7082
_d7082